| 000 | 00541nam a22001937a 4500 | ||
|---|---|---|---|
| 005 | 20251108173704.0 | ||
| 008 | 250721s2006 xx 000 0 ara d | ||
| 082 | 1 | 4 | _a410.7/ربي |
| 100 | 1 | _aربيع، محمد | |
| 245 | 1 | 0 | _aمن أساليب العربية / |
| 250 | _aط.2. | ||
| 264 | 1 |
_aعمان : _bالمركز القومي للنشر، _c2006. |
|
| 300 | _a152 ص. | ||
| 650 | 1 | 7 | _aاللغة العربية |
| 700 | 1 | _aفليح، أحمد | |
| 700 | 1 | _aالعرود، أحمد | |
| 942 |
_2ddc _cBK |
||
| 999 |
_c110023 _d110023 |
||